Funkcia optimalizácie web stránok pre vyhľadávače v internetovom marketingu

Internetový marketing - charakteristika, hlavné výhody a nevýhody. SEO - optimalizácia web stránok pre vyhľadávače. Etické a neetické metódy optimalizácie web stránok pre vyhľadávače. SEO štatistiky. Výhody internetového marketingu založeného na vyhľadávačoch.

Salvato in:
Dettagli Bibliografici
Autore principale: Nemečková, Soňa
Natura: Capitolo di libro
Lingua:slovacco
Soggetti:
Tags: Aggiungi Tag
Nessun Tag, puoi essere il primo ad aggiungerne!!

MARC

LEADER 00000nla$a2200000$$$4500
001 0109102
005 20240502072214.9
041 0 |a slo 
044 |a SK 
245 1 0 |a Funkcia optimalizácie web stránok pre vyhľadávače v internetovom marketingu  |c Soňa Nemečková 
520 |a Internetový marketing - charakteristika, hlavné výhody a nevýhody. SEO - optimalizácia web stránok pre vyhľadávače. Etické a neetické metódy optimalizácie web stránok pre vyhľadávače. SEO štatistiky. Výhody internetového marketingu založeného na vyhľadávačoch. 
610 2 0 |a marketing 
610 2 0 |a internet 
610 2 0 |a počítače 
610 2 0 |a firmy 
610 2 0 |a etika 
610 2 0 |a zákazníci 
610 2 0 |a štatistika 
100 1 |a Nemečková, Soňa